000 00558pam a2200217 4500
999 _c5234
_d5234
001 298350
003 GBCCL
005 20241126110536.0
008 720919s1973 nyu 000 1 eng
010 _a 72008888
040 _aDLC
_cDLC
_dDLC
050 0 0 _aPZ4.M3122
_bBu
_aPS3563.A63
082 0 0 _a813.54
_bMAR
100 1 _aMarasco, Robert.
_99442
245 1 0 _aBurnt offerings.
260 _aNew York,
_bDelacorte Press
_c[1973]
300 _a260 p.
_c21 cm.
350 _a$6.95
906 _a7
_bcbc
_corignew
_d1
_eocip
_f19
_gy-gencatlg
942 _2ddc
_cBK